| 000 | 00900nam a2200229 i 4500 | ||
|---|---|---|---|
| 001 | 33538 | ||
| 003 | ES-MaACL | ||
| 005 | 20250830111411.0 | ||
| 007 | t| | ||
| 008 | 030202s1967 sp ||||1| spa d | ||
| 080 | _a304:282 | ||
| 100 | 1 |
_aBigo, Pierre. _928844 |
|
| 245 | 1 | 0 |
_aDoctrina social de la Iglesia : _bbúsqueda y diálogo : texto puesto al día después del Concilio Vaticano II y de la encíclica "Populorum progressio" / _cPierre Bigo ; traducido por Françoise Esquerré. |
| 260 |
_aBarcelona : _bInstituto Católico de Estudios Sociales, _c1967. |
||
| 300 |
_a603 p. ; _c22 cm. |
||
| 610 | 2 | 4 |
_aIglesia Católica- _xDoctrina social _94642 |
| 650 | 7 |
_aIglesia y problemas sociales _2embne _913569 |
|
| 700 | 1 |
_aEsquerré, Françoise. _947967 |
|
| 710 | 2 |
_aInstitut Catòlic d'Estudis Socials de Barcelona. _94738 |
|
| 852 | 4 |
_aES-MaACL _jC-33257 |
|
| 999 |
_c33538 _d33538 |
||